{"text_format":"1","workbook":"xlsx","n_sheets":1,"sheets":["inv_sumnistro_abril_2022"],"not_rendered":{"charts":0,"images":2,"macros":0,"external_links":0,"defined_names":1,"comments":0,"pivot_tables":0},"unopened":[],"bounds":{"document_bytes":16777216,"sheet_cells":100000,"rows_first":2000,"rows_last":500,"rows_between":2000,"halvings":0,"cell_chars":16384,"cell_head_chars":4096},"cells_cut":0,"cells_raw":0,"read":"whole","date_system":"1900"}

{"sheet":"inv_sumnistro_abril_2022","index":0,"n_rows":515,"n_cols":8,"rows_kept":515,"cut":false,"hidden":false,"merged":[[360,0,360,7],[361,0,361,7],[514,0,514,6],[183,6,187,6],[183,7,187,7],[363,0,367,0],[363,1,367,1],[363,2,367,2],[363,3,367,3],[363,4,367,4],[363,5,367,5],[363,6,367,6],[363,7,367,7],[179,0,179,7],[359,0,359,7],[180,0,180,7],[181,0,181,7],[183,0,187,0],[183,1,187,1],[183,2,187,2],[183,3,187,3],[183,4,187,4],[183,5,187,5],[340,0,340,6],[5,6,9,6],[5,7,9,7],[162,0,162,6],[1,0,1,7],[2,0,2,7],[3,0,3,7],[5,0,9,0],[5,1,9,1],[5,2,9,2],[5,3,9,3],[5,4,9,4],[5,5,9,5]]}
[]
["INSTITUTO DEL TABACO DE LA REPÚBLICA DOMINICANA"]
["INVENTARIO SUMINISTRO"]
["MES DE ENERO 2026"]
[]
["Fecha de adquisición y/o registro","Artículo","Código institucional","Descripción artículo","Existencia","Unidad","Costo","Valor"]
[]
[]
[]
[]
["2018-03-23","GENERAL ( 21 )","MASKT-001","MASKING TAPE ",51,"UND",45.926659999999998,{"$f":"+G11*E11","v":2342.2596599999997}]
["2018-03-23","GENERAL ( 21 )","PAPE-CON-9 1/2X5 1/2","PAPEL CONTINUO 9 1/2 X 5 1/2 P. FACT.",4,"UNIDAD",601.69399999999996,{"$f":"+G12*E12","v":2406.7759999999998}]
["2017-02-01","OFICINA ( 13 )","C3AP","CARPETA DE 3 ARO PEQUEÑOS",24,"UND",153.4,3681.6000000000004]
["2018-03-23","OFICINA ( 13 )","FOLDERS","FOLDERS INSTITUCIONALES C/DISEÑO GRAFICO",400,"UND",111.569,44627.6]
["2018-03-23","OFICINA ( 13 )","PCN","PAPEL CARBON NEGRO",22,"CAJA",454.3,9994.6]
["2018-03-23","OFICINA ( 13 )","T.,E","TINTA EPSON 664 Y ORIGINAL",2,"UND",910.00419999999997,1820.0083999999999]
["2017-02-01","OFICINA ( 13 )","T.E","TINTA EPSON 664 C ORIGINAL",2,"UND",910.00419999999997,1820.0083999999999]
["2017-02-06","OFICINA ( 13 )","T.E.O","TINTA EPSON 664 M ORIGINAL",2,"UND",910.00419999999997,1820.0083999999999]
["2018-03-23","OFICINA ( 13 )","T.L.J","TONER LASER JET 206A BK",4,"UND",7699.9956000000002,30799.982400000001]
["2019-02-26","OFICINA ( 13 )","TE,","TINTA EPSON 544 M ORIGINAL",14,"UND",885,12390]
["2018-03-23","OFICINA ( 13 )","TE,,","TINTA EPSON 544 C ORIGINAL",14,"UND",885,12390]
["2018-03-23","OFICINA ( 13 )","TE.","TINTA EPSON 544 BK ORIGINAL",18,"UND",885,15930]
["2018-03-23","OFICINA ( 13 )","TE.,","TINTA EPSON 504 BK ORIGINAL",13,"UND",974.99860000000001,12674.9818]
["2017-01-31","OFICINA ( 13 )","TEO","TINTA EPSON 504 C ORIGINAL",12,"UND",885,10620]
["2018-02-21","OFICINA ( 13 )","TEO..","TINTA EPSON 664 BK ORIGINAL",2,"UND",910.00419999999997,1820.0083999999999]
["2019-02-26","OFICINA ( 13 )","TEP","TINTA EPSON 544 Y ORIGINAL",14,"UND",885,12390]
["2019-02-26","OFICINA ( 13 )","TEP,","TINTA EPSON 504 M ORIGINAL",12,"UND",885,10620]
["2017-02-23","OFICINA ( 13 )","TIN","TINTA EPSON 504 Y ORIGINAL",12,"UND",885,10620]
["2017-03-31","OTROS ( 12 )","AMBIEN 2","AMBIENTADOR 2",139,"UND",121.41735,16877.01165]
["2019-02-26","OTROS ( 12 )","AT.,","ATOMIZADOR",1,"UND",227.74,227.74]
["2017-04-24","OTROS ( 12 )","BP/C","BLANQUEADOR P/ CERAMICA",9,"GAL",253.7,2283.2999999999997]
["2017-02-07","OTROS ( 12 )","BRILLO .V.","BRILLO VERDE",53,"UND",52.879840000000002,2802.6315199999999]
["2018-03-23","OTROS ( 12 )","C.D.C","CINTA DOBLE CARA ",13,"UND",260.66059000000001,3388.5876700000003]
["2018-03-23","OTROS ( 12 )","CD,.","CUBIERTOS DES.",135,"PAQUET",21.484590000000001,2900.4196500000003]
["2017-04-24","OTROS ( 12 )","CREM","CREMORA",129,"UND",344.26882999999998,44410.679069999998]
["2019-02-15","OTROS ( 12 )","GRAPAS 3","GRAPAS 3/4",5,"CAJA",211.864,1059.32]
["2019-02-15","OTROS ( 12 )","LAN","LANILLA P/LIMPIAR",39,"UND",75.771209999999996,2955.07719]
["2019-02-15","OTROS ( 12 )","LI.C.","LIMPIADOR CRISTAL ",14,"POTE",111.29347,1558.1085800000001]
["2019-02-15","OTROS ( 12 )","LT,","LIBRETA TIMBRADA",42,"UND",199.91923,8396.6076599999997]
["2019-02-15","OTROS ( 12 )","PDN6","PLATOS DESECH. N6",86,"PAQUET",55.374859999999998,4762.2379599999995]
["2019-02-15","OTROS ( 12 )","TS.M.","TALON. SOLICITUD MATERIALES",76,"UND",247.8,18832.8]
["2019-02-15","OFICINA ( 13 )","12","RESMA DE PAPEL BOND 8 1/2 X11",632,"RESMA",238.59837999999999,150794.17616]
["2006-12-31","OFICINA ( 13 )","3X3","POST-IT3X3 WORKER",81,"UND",30.68,2485.08]
["2019-02-15","OFICINA ( 13 )","AZ.","AZUCAR",11,"SACOS",4219.7435999999998,46417.179599999996]
["2019-02-15","OFICINA ( 13 )","BLP/B","BLANQUEADOR LIQUIDO P/BAÑO",6,"GAL",247.8,1486.8000000000002]
["2017-02-01","OFICINA ( 13 )","BO","BORRADOR",14,"UND",10.71564,150.01895999999999]
["2017-02-01","OFICINA ( 13 )","BP/E","BANDEJA P/ ESCRITORIO",10,"UND",776.03078000000005,7760.3078000000005]
["2017-02-07","OFICINA ( 13 )","C.2","CLIP BILLETERO 51MM",48,"CAJA",193.42124000000001,9284.2195200000006]
["2017-02-06","OFICINA ( 13 )","C.B 125MM","CLIP BILLETERO 125MM",36,"CAJA",47.522410000000001,1710.8067599999999]
["2017-02-01","OFICINA ( 13 )","C.BILL.","CLIP BILLETERO 32MM",14,"CAJA",48.8992,684.58879999999999]
["2017-02-01","OFICINA ( 13 )","C.E 890","CINTA EPSON 890",20,"UND",468.40870000000001,9368.1740000000009]
["2019-02-26","OFICINA ( 13 )","CB 1.5","CLIP BILLETERO 41MM",38,"CAJA",129.99941999999999,4939.9779599999993]
["2017-02-01","OFICINA ( 13 )","CCE278","CARTUCHO LASER 278",18,"UND",522.91878999999994,9412.5382199999985]
["2018-02-21","OFICINA ( 13 )","CCE285","CARTUCHO LASER 285",7,"UND",474.36,3320.52]
["2018-02-21","OFICINA ( 13 )","CEPILLO P.","CEPILLO PARED",8,"UND",49.56,396.48]
["2018-02-21","OFICINA ( 13 )","CINTA P/ CALCULADORA","CINTA P/ CALCULADORA ELEC.",4,"UND",56.002800000000001,224.0112]
["2017-02-07","OFICINA ( 13 )","CINTA-001","CINTA ADHESIVA 3/4",381,"UNIDAD",37.76,14386.56]
["2017-02-01","OFICINA ( 13 )","CP/C.","CERA PARA CONTAR",10,"UND",53.1,531]
["2018-02-21","OFICINA ( 13 )","CPE","CUBIERTAS P/ENCUADERNAR",16,"PAQUET",451.35342000000003,7221.6547200000005]
["2017-01-31","OFICINA ( 13 )","CPPD","CARPETAS PRINTEADAS P/DOC.",31,"UND",442.5,13717.5]
["2018-03-20","OFICINA ( 13 )","CUC. DES.","CUCHARAS DES.",182,"PAQUET",18.972439999999999,3452.9840799999997]
["2019-02-26","OFICINA ( 13 )","D","DETERGENTE",14,"UND",1133.04349,15862.60886]
["2019-02-26","OFICINA ( 13 )","DES.","DESINFECTANTE",202,"GAL",221.51282,44745.589639999998]
["2019-02-26","OFICINA ( 13 )","E35MM","ESPIRAL 3/4",11,"PAQUET",867.06132000000002,9537.6745200000005]
["2019-02-26","OFICINA ( 13 )","EG.","EGA",1,"GAL",445.11173000000002,445.11173000000002]
["2017-01-26","OFICINA ( 13 )","ESC.","ESCOBA",36,"UND",141.88103000000001,5107.7170800000004]
["2017-02-01","OFICINA ( 13 )","F.M.E.","FORMULARIO EQUIPOS Y/O MOV.",66,"UND",135.85946000000001,8966.7243600000002]
["2017-01-31","OFICINA ( 13 )","F30G","FUNDAS 30GLS.",100,"PAQUET",383.5,38350]
["2017-09-26","OFICINA ( 13 )","FUND. 55","FUNDAS 55 P/B.",73,"PAQUET",699.01561000000004,51028.13953]
["2018-03-26","OFICINA ( 13 )","GG.","GUANTES GOMAS",51,"PAR",47.694369999999999,2432.4128700000001]
["2017-02-01","OFICINA ( 13 )","GR26/6","GRAPAS 26/6",46,"CAJA",52.432070000000003,2411.8752200000004]
["2019-02-26","OFICINA ( 13 )","GRAP.","GRAPADORA",11,"UND",184.08,2024.88]
["2017-05-08","OFICINA ( 13 )","HCB","HOJAS CARTULINA BLANCA",2,"RESMA",460.2,920.4]
["2018-02-21","OFICINA ( 13 )","HCC","HOJAS CARTULINA CREMA",2,"RESMA",460.2,920.4]
["2017-01-23","OFICINA ( 13 )","LIQUI-001","CORRECTOR LIQUIDO",73,"UND",33.055320000000002,2413.03836]
["2018-05-11","OFICINA ( 13 )","LLM","JABON LIQ.P/MANOS",216,"UND",205.84950000000001,{"$f":"+G76*E76","v":44463.491999999998}]
["2017-02-01","OFICINA ( 13 )","LRP","LIBRETA RAYADA PEQUEÑA",91,"UND",21.24,1932.84]
["2018-05-11","OFICINA ( 13 )","P.TP/M","PAPEL TOALLA P/MANO",213,"UND",268.02246000000002,57088.783980000007]
["2018-05-11","OFICINA ( 13 )","PAPEL J.","PAPEL JUMBO",394,"UND",139.53838999999999,54978.125659999998]
["2017-01-26","OFICINA ( 13 )","PC4C","PAPEL CONT. 9 1/2 X 11 4C.",47,"CAJA",745.95506,35059.887820000004]
["2019-02-26","OFICINA ( 13 )","PLATOS N9","PLATOS DES. N9",72,"PAQUET",75.52,5437.44]
["2018-03-23","OFICINA ( 13 )","PLD7X8CD.","PLATOS DESECH. 7X8 C/DIV.",55,"PAQUET",1500.96,82552.800000000003]
["2017-01-26","OFICINA ( 13 )","PP/B","PASTILLA PERF. P/B",111,"UND",146.99429000000001,16316.366190000001]
["2019-02-26","OFICINA ( 13 )","R91/2X17","RESMA PAPEL BOND 9 1/2X17",2,"RESMA",820.1,1640.2]
["2019-02-26","OFICINA ( 13 )","ROLL","ROLLO PAPEL 2-1/4 SUMADORA",4,"UND",25.322600000000001,101.29040000000001]
["2019-02-26","OFICINA ( 13 )","RTR","ROLON TINTA ROJA",1,"UND",84.75,84.75]
["2018-03-23","OFICINA ( 13 )","SM10X15","SOBRE MANILA  10X15",500,"UNDS",1.8942099999999999,947.10500000000002]
["2018-03-23","OFICINA ( 13 )","SPG.","ZAFACONES",24,"UND",265.5,6372]
["2019-02-26","OFICINA ( 13 )","SUM-ARC","ARCHIVO ACORDEON",28,"UND",297.40069,8327.2193200000002]
["2018-03-23","OFICINA ( 13 )","SUM-AZU","LAPICERO AZUL",907,"UND",9.75,8843.25]
["2019-02-26","OFICINA ( 13 )","SUM-BRI G.","BRILLO GORDO",29,"UND",10.62,307.97999999999996]
["2017-02-01","OFICINA ( 13 )","SUM-CAF","CAFE",628,"LIBRA",402.85214000000002,252991.14392]
["2006-12-31","OFICINA ( 13 )","SUM-CALM","CALCULADORA MANUAL",13,"UND",481.10286000000002,6254.3371800000004]
["2006-12-31","OFICINA ( 13 )","SUM-CARP.GRAN.","CARPETA GRANDE 3 HOYOS",41,"UND",249.67072999999999,10236.49993]
["2017-01-26","OFICINA ( 13 )","SUM-CEPIPLAS","CEPILLO PARA INODORO",10,"UND",134.99199999999999,1349.9199999999998]
["2017-01-26","OFICINA ( 13 )","SUM-CLI","CLIP JUMBO",35,"UND",50.68197,1773.86895]
["2019-02-26","OFICINA ( 13 )","SUM-CLIP #1"," CLIP #1",47,"CAJA",17.7,831.9]
["2018-03-23","OFICINA ( 13 )","SUM-CLIP MAR.","CLIP MARIPOSA",26,"CAJA",150,3900]
["2019-02-26","OFICINA ( 13 )","SUM-CLO","CLORO",180,"GAL",92.794589999999999,16703.0262]
["2018-03-23","OFICINA ( 13 )","SUM-CTE","CINTAS DE EMPAQUE",33,"UND",69.62,2297.46]
["2018-03-23","OFICINA ( 13 )","SUM-ETF","ETIQUETA PARA FOLDERS",8,"UND",80.894270000000006,647.15416000000005]
["2018-03-23","OFICINA ( 13 )","SUM-FAR","FAROLA",1,"UND",132.75,132.75]
["2018-03-23","OFICINA ( 13 )","SUM-FEL","FELPAS AZULES",17,"UND",45,765]
["2018-03-23","OFICINA ( 13 )","SUM-FELN","FELPAS NEGRAS",14,"UND",54.110100000000003,757.54140000000007]
["2018-03-23","OFICINA ( 13 )","SUM-FGD","FOLDER C/ BOLSILLO",298,"UND",31.86,9494.2800000000007]
["2017-01-26","OFICINA ( 13 )","SUM-FINANC","FOLDERS FINANCIERO",330,"UND",59.261899999999997,19556.427]
["2017-01-26","OFICINA ( 13 )","SUM-FOL11","FOLDER 8 1/2 X11",3022,"UND",3.15184,9524.8604799999994]
["2017-01-26","OFICINA ( 13 )","SUM-FOL14","FOLDER 8 1/2 14",801,"UND",0.38880999999999999,311.43680999999998]
["2017-01-26","OFICINA ( 13 )","SUM-FUN17","FUNDAS17/22",78,"PAQUET",362.12889000000001,28246.05342]
["2017-01-26","OFICINA ( 13 )","SUM-GMH","GANCHOS M/H",48,"UNIDAD",92.04,4417.92]
["2017-01-26","OFICINA ( 13 )","SUM-GOM","GOMITAS",25,"CAJA",37.531610000000001,938.29025000000001]
["2017-01-26","OFICINA ( 13 )","SUM-HHB.","HOJA DE HILO BLANCA",1,"RESMA",566.4,566.4]
["2017-01-26","OFICINA ( 13 )","SUM-HHC.","HOJA DE HILO CREMA",2,"RESMA",566.4,1132.8]
["2017-01-26","OFICINA ( 13 )","SUM-JB. AZ.","JABON AZULITO",98,"UND",2.1633300000000002,212.00634000000002]
["2017-01-26","OFICINA ( 13 )","SUM-LAP.N.","LAPICERO NEGRO ",95,"UND",10.4,988]
["2017-01-26","OFICINA ( 13 )","SUM-LAPIRO","LAPICERO ROJO",28,"UND",10.349119999999999,289.77535999999998]
["2017-01-26","OFICINA ( 13 )","SUM-LBRY","LIBRETAS RAYADAS 81/2X11",73,"UND",29.5,2153.5]
["2017-01-26","OFICINA ( 13 )","SUM-LCAR","LAPIZ",451,"UND",6.7591000000000001,3048.3541]
["2017-01-26","OFICINA ( 13 )","SUM-MAR","MARCADORES",186,"UND",29.409140000000001,5470.1000400000003]
["2017-01-26","OFICINA ( 13 )","SUM-PEND","PENDAFLEX  X 11",4,"UND",1486.4991,5945.9964]
["2017-01-26","OFICINA ( 13 )","SUM-PER","PERFORADORA (2 HOYOS )",7,"UND",277.3,1941.1000000000001]
["2019-02-15","OFICINA ( 13 )","SUM-PLA","PORTA LAPIZ",11,"UND",90.86,999.46]
["2019-02-15","OFICINA ( 13 )","SUM-PNOT","PAPEL NOTARIAL",14,"RESMA",215.69480999999999,3019.7273399999999]
["2017-01-26","OFICINA ( 13 )","SUM-POC","PORTA CLIP",12,"UND",66.031570000000002,792.37884000000008]
["2019-02-15","OFICINA ( 13 )","SUM-RESALT","RESALTADOR",84,"UND",30.68,2577.12]
["2019-02-15","OFICINA ( 13 )","SUM-RG","REGLA",33,"UND",15.34,506.21999999999997]
["2019-02-15","OFICINA ( 13 )","SUM-RPX14","RESMA DE PAPEL BONB 81/2X14",19,"RESMA",303.40902999999997,5764.7715699999999]
["2019-02-15","OFICINA ( 13 )","SUM-SAP","SACA PUNTA",26,"UND",11.66802,303.36851999999999]
["2019-02-15","OFICINA ( 13 )","SUM-SER","SERVILLETAS",721,"PAQUET",51.416269999999997,37071.130669999999]
["2019-02-15","OFICINA ( 13 )","SUM-SM","SOBRES MANILA 9X12",451,"UND",1.5665899999999999,706.53208999999993]
["2019-02-15","OFICINA ( 13 )","SUM-SO","SOBRES BLANCOS",507,"UND",1.62625,824.50874999999996]
["2019-02-16","OFICINA ( 13 )","SUM-STIM","SOBRES TIMBRADOS",693,"UND",14.638500000000001,10144.4805]
["2019-02-17","OFICINA ( 13 )","SUM-SUAP","SUAPER",34,"UND",182.50156000000001,6205.0530400000007]
["2019-02-18","OFICINA ( 13 )","SUM-TAL.ORD. DESP.","TALONARIO ORDEN DE DESPACHO.",56,"UND",200.59612000000001,11233.382720000001]
["2019-02-19","OFICINA ( 13 )","SUM-TALEM","TALONARIO ENT. DE MATERIALES",86,"UND",57.3232,4929.7951999999996]
["2019-02-20","OFICINA ( 13 )","SUM-TBLL","TABLILLAS 81/2X11",11,"UND",138.06,1518.66]
["2019-02-21","OFICINA ( 13 )","SUM-TIJ","TIJERAS #8",8,"UNIDAD",81.147689999999997,649.18151999999998]
["2019-02-22","OFICINA ( 13 )","SUM-TLCAGR","TALONARIO CONTROL AGROQUIMICO",70,"UND",412.43626999999998,28870.5389]
["2019-02-23","OFICINA ( 13 )","SUM-VAS","VASOS #10",239,"PAQUET",75.52,18049.28]
["2019-02-24","OFICINA ( 13 )","T206A C","TONER HP-206 A C.",3,"UND",6035.67191,{"$f":"+G140*E140","v":18107.015729999999}]
["2019-02-25","OFICINA ( 13 )","T206A M","TONER HP-206 A M.",3,"UND",6052.8942900000002,18158.682870000001]
["2019-02-26","OFICINA ( 13 )","T206AY","TONER HP-206 A Y.",3,"UND",6052.8942900000002,18158.682870000001]
["2019-02-27","OFICINA ( 13 )","TA","TINTA AZUL P/S",29,"POTE",45.653309999999998,1323.9459899999999]
["2019-02-28","OFICINA ( 13 )","TALON.PERS.NOM.","TALONARIO PERSONAL NOMINAL",2,"UND",95,190]
["2019-03-01","OFICINA ( 13 )","TALONARIO SOL. C.C.","TALONARIO SOLICITUD CAJA CHICA",53,"UND",32.690759999999997,1732.6102799999999]
["2019-03-02","OFICINA ( 13 )","TB,","TINTA 664 BLACK",18,"UND",242.29333,4361.2799400000004]
["2019-03-03","OFICINA ( 13 )","TB,.","TINTA 664 Y.",38,"UND",247.8,9416.4]
["2019-03-04","OFICINA ( 13 )","TB.","TINTA 664 CYAN",37,"UND",250.31515999999999,9261.6609200000003]
["2019-03-05","OFICINA ( 13 )","TB664","TINTA 664 MAG.",37,"UND",249.36915999999999,9226.6589199999999]
["2019-03-06","OFICINA ( 13 )","TCVP","TALON.CONTROL VISITAS A PROD.",44,"UND",55,2420]
["2019-03-07","OFICINA ( 13 )","TE504C","TINTA  504 CYAN",37,"UND",362.10174999999998,13397.764749999998]
["2019-03-08","OFICINA ( 13 )","TE504M","TINTA  504 M.",36,"UND",354.33067999999997,12755.904479999999]
["2019-03-09","OFICINA ( 13 )","TE504Y","TINTA  504 Y.",21,"UND",412.04512999999997,8652.9477299999999]
["2019-03-10","OFICINA ( 13 )","TE544C","TINTA EPSON 544C",29,"UND",355.51177999999999,10309.841619999999]
["2019-03-11","OFICINA ( 13 )","TE544M","TINTA EPSON 544M",29,"UND",354.21215000000001,10272.15235]
["2019-03-12","OFICINA ( 13 )","TE544Y","TINTA EPSON 544Y",28,"UND",358.96827999999999,10051.11184]
["2019-03-13","OFICINA ( 13 )","TEPLX350","TINTA EPSON LX350",24,"UND",239.54,5748.96]
["2019-03-14","OFICINA ( 13 )","TET504","TINTA  504 BLACK",21,"UND",397.98133999999999,8357.6081400000003]
["2019-03-15","OFICINA ( 13 )","TP/C","TOALLA P/COCINA",95,"UND",214.19387,20348.417649999999]
["2019-03-16","OFICINA ( 13 )","VASOS #7","VASOS #7",266,"PAQUET",43.792029999999997,11648.679979999999]
["2019-03-17","OFICINA ( 13 )","VN5","VASOS N. 5",226,"PAQUET",56.084760000000003,12675.155760000001]
["2019-03-18","OTROS ( 12 )","LIBRETA","LIBRETA TIMBRADA INSTITUCIONALES",460,"UND",141.6,65136]
["TOTAL",null,null,null,null,null,null,{"$f":"SUM(H11:H162)","v":1915342.0081500001}]
[]
[]
[]
[]
[]
[]
[]
[]
[]
[]
[]
[]
[]
[]
[]
[]
["INSTITUTO DEL TABACO DE LA REPÚBLICA DOMINICANA"]
["INVENTARIO SUMINISTRO"]
["MES DE FEBRERO 2026"]
[]
["Fecha de adquisición y/o registro","Artículo","Código institucional","Descripción artículo","Existencia","Unidad","Costo","Valor"]
[]
[]
[]
[]
["2018-03-23","GENERAL ( 21 )","MASKT-001","MASKING TAPE ",49,"UND",45.926659999999998,{"$f":"+G189*E189","v":2250.40634}]
["2018-03-23","GENERAL ( 21 )","PAPE-CON-9 1/2X5 1/2","PAPEL CONTINUO 9 1/2 X 5 1/2 P. FACT.",4,"UNIDAD",601.69399999999996,{"$f":"+G190*E190","v":2406.7759999999998}]
["2017-02-01","OFICINA ( 13 )","C3AP","CARPETA DE 3 ARO PEQUEÑOS",24,"UND",153.4,3681.6000000000004]
["2018-03-23","OFICINA ( 13 )","FOLDERS","FOLDERS INSTITUCIONALES C/DISEÑO GRAFICO",370,"UND",111.569,41280.53]
["2018-03-23","OFICINA ( 13 )","PCN","PAPEL CARBON NEGRO",22,"CAJA",454.3,9994.6]
["2018-03-23","OFICINA ( 13 )","T.,E","TINTA EPSON 664 Y ORIGINAL",1,"UND",910.00419999999997,910.00419999999997]
["2017-02-01","OFICINA ( 13 )","T.E","TINTA EPSON 664 C ORIGINAL",1,"UND",910.00419999999997,910.00419999999997]
["2017-02-06","OFICINA ( 13 )","T.E.O","TINTA EPSON 664 M ORIGINAL",1,"UND",910.00419999999997,910.00419999999997]
["2018-03-23","OFICINA ( 13 )","T.L.J","TONER LASER JET 206A BK",4,"UND",7699.9956000000002,30799.982400000001]
["2019-02-26","OFICINA ( 13 )","TE,","TINTA EPSON 544 M ORIGINAL",12,"UND",885,10620]
["2018-03-23","OFICINA ( 13 )","TE,,","TINTA EPSON 544 C ORIGINAL",12,"UND",885,10620]
["2018-03-23","OFICINA ( 13 )","TE.","TINTA EPSON 544 BK ORIGINAL",15,"UND",885,13275]
["2018-03-23","OFICINA ( 13 )","TE.,","TINTA EPSON 504 BK ORIGINAL",12,"UND",974.99860000000001,11699.983200000001]
["2017-01-31","OFICINA ( 13 )","TEO","TINTA EPSON 504 C ORIGINAL",11,"UND",885,9735]
["2018-02-21","OFICINA ( 13 )","TEO..","TINTA EPSON 664 BK ORIGINAL",1,"UND",910.00419999999997,910.00419999999997]
["2019-02-26","OFICINA ( 13 )","TEP","TINTA EPSON 544 Y ORIGINAL",12,"UND",885,10620]
["2019-02-26","OFICINA ( 13 )","TEP,","TINTA EPSON 504 M ORIGINAL",11,"UND",885,9735]
["2017-02-23","OFICINA ( 13 )","TIN","TINTA EPSON 504 Y ORIGINAL",11,"UND",885,9735]
["2017-03-31","OTROS ( 12 )","AMBIEN 2","AMBIENTADOR 2",120,"UND",121.41735,14570.082]
["2019-02-26","OTROS ( 12 )","AT.,","ATOMIZADOR",1,"UND",227.74,227.74]
["2017-04-24","OTROS ( 12 )","BP/C","BLANQUEADOR P/ CERAMICA",9,"GAL",253.7,2283.2999999999997]
["2017-02-07","OTROS ( 12 )","BRILLO .V.","BRILLO VERDE",52,"UND",52.879840000000002,2749.7516800000003]
["2018-03-23","OTROS ( 12 )","C.D.C","CINTA DOBLE CARA ",11,"UND",260.66059000000001,2867.26649]
["2018-03-23","OTROS ( 12 )","CD,.","CUBIERTOS DES.",125,"PAQUET",21.484590000000001,2685.57375]
["2017-04-24","OTROS ( 12 )","CREM","CREMORA",106,"UND",344.26882999999998,36492.49598]
["2019-02-15","OTROS ( 12 )","GRAPAS 3","GRAPAS 3/4",5,"CAJA",211.864,1059.32]
["2019-02-15","OTROS ( 12 )","LAN","LANILLA P/LIMPIAR",35,"UND",75.771209999999996,2651.99235]
["2019-02-15","OTROS ( 12 )","LI.C.","LIMPIADOR CRISTAL ",14,"POTE",111.29347,1558.1085800000001]
["2019-02-15","OTROS ( 12 )","LT,","LIBRETA TIMBRADA",40,"UND",199.91923,7996.7691999999997]
["2019-02-15","OTROS ( 12 )","PDN6","PLATOS DESECH. N6",83,"PAQUET",55.374859999999998,4596.1133799999998]
["2019-02-15","OTROS ( 12 )","TS.M.","TALON. SOLICITUD MATERIALES",74,"UND",247.8,18337.2]
["2019-02-15","OFICINA ( 13 )","12","RESMA DE PAPEL BOND 8 1/2 X11",596,"RESMA",238.59837999999999,142204.63448000001]
["2006-12-31","OFICINA ( 13 )","3X3","POST-IT3X3 WORKER",72,"UND",30.68,2208.96]
["2019-02-15","OFICINA ( 13 )","AZ.","AZUCAR",10,"SACOS",4219.7435999999998,42197.436000000002]
["2019-02-15","OFICINA ( 13 )","BLP/B","BLANQUEADOR LIQUIDO P/BAÑO",6,"GAL",247.8,1486.8000000000002]
["2017-02-01","OFICINA ( 13 )","BO","BORRADOR",11,"UND",10.71564,117.87204]
["2017-02-01","OFICINA ( 13 )","BP/E","BANDEJA P/ ESCRITORIO",9,"UND",776.03078000000005,6984.2770200000004]
["2017-02-07","OFICINA ( 13 )","C.2","CLIP BILLETERO 51MM",48,"CAJA",193.42124000000001,9284.2195200000006]
["2017-02-06","OFICINA ( 13 )","C.B 125MM","CLIP BILLETERO 125MM",34,"CAJA",47.522410000000001,1615.7619400000001]
["2017-02-01","OFICINA ( 13 )","C.BILL.","CLIP BILLETERO 32MM",12,"CAJA",48.8992,586.79039999999998]
["2017-02-01","OFICINA ( 13 )","C.E 890","CINTA EPSON 890",20,"UND",468.40870000000001,9368.1740000000009]
["2019-02-26","OFICINA ( 13 )","CB 1.5","CLIP BILLETERO 41MM",38,"CAJA",129.99941999999999,4939.9779599999993]
["2017-02-01","OFICINA ( 13 )","CCE278","CARTUCHO LASER 278",18,"UND",522.91878999999994,9412.5382199999985]
["2018-02-21","OFICINA ( 13 )","CCE285","CARTUCHO LASER 285",7,"UND",474.36,3320.52]
["2018-02-21","OFICINA ( 13 )","CEPILLO P.","CEPILLO PARED",8,"UND",49.56,396.48]
["2018-02-21","OFICINA ( 13 )","CINTA P/ CALCULADORA","CINTA P/ CALCULADORA ELEC.",4,"UND",56.002800000000001,224.0112]
["2017-02-07","OFICINA ( 13 )","CINTA-001","CINTA ADHESIVA 3/4",378,"UNIDAD",37.76,14273.279999999999]
["2017-02-01","OFICINA ( 13 )","CP/C.","CERA PARA CONTAR",9,"UND",53.1,477.90000000000003]
["2018-02-21","OFICINA ( 13 )","CPE","CUBIERTAS P/ENCUADERNAR",16,"PAQUET",451.35342000000003,7221.6547200000005]
["2017-01-31","OFICINA ( 13 )","CPPD","CARPETAS PRINTEADAS P/DOC.",16,"UND",442.5,7080]
["2018-03-20","OFICINA ( 13 )","CUC. DES.","CUCHARAS DES.",144,"PAQUET",18.972439999999999,2732.0313599999999]
["2019-02-26","OFICINA ( 13 )","D","DETERGENTE",13,"UND",1133.04349,14729.56537]
["2019-02-26","OFICINA ( 13 )","DES.","DESINFECTANTE",184,"GAL",221.51282,40758.35888]
["2019-02-26","OFICINA ( 13 )","E35MM","ESPIRAL 3/4",11,"PAQUET",867.06132000000002,9537.6745200000005]
["2019-02-26","OFICINA ( 13 )","EG.","EGA",1,"GAL",445.11173000000002,445.11173000000002]
["2017-01-26","OFICINA ( 13 )","ESC.","ESCOBA",33,"UND",141.88103000000001,4682.0739900000008]
["2017-02-01","OFICINA ( 13 )","F.M.E.","FORMULARIO EQUIPOS Y/O MOV.",66,"UND",135.85946000000001,8966.7243600000002]
["2017-01-31","OFICINA ( 13 )","F30G","FUNDAS 30GLS.",100,"PAQUET",383.5,38350]
["2017-09-26","OFICINA ( 13 )","FUND. 55","FUNDAS 55 P/B.",66,"PAQUET",699.01561000000004,46135.03026]
["2018-03-26","OFICINA ( 13 )","GG.","GUANTES GOMAS",51,"PAR",47.694369999999999,2432.4128700000001]
["2017-02-01","OFICINA ( 13 )","GR26/6","GRAPAS 26/6",41,"CAJA",52.432070000000003,2149.7148700000002]
["2019-02-26","OFICINA ( 13 )","GRAP.","GRAPADORA",7,"UND",184.08,1288.5600000000002]
["2017-05-08","OFICINA ( 13 )","HCB","HOJAS CARTULINA BLANCA",2,"RESMA",460.2,920.4]
["2018-02-21","OFICINA ( 13 )","HCC","HOJAS CARTULINA CREMA",2,"RESMA",460.2,920.4]
["2017-01-23","OFICINA ( 13 )","LIQUI-001","CORRECTOR LIQUIDO",70,"UND",33.055320000000002,2313.8724000000002]
["2018-05-11","OFICINA ( 13 )","LLM","JABON LIQ.P/MANOS",214,"UND",205.84950000000001,{"$f":"+G254*E254","v":44051.792999999998}]
["2017-02-01","OFICINA ( 13 )","LRP","LIBRETA RAYADA PEQUEÑA",87,"UND",21.24,1847.8799999999999]
["2018-05-11","OFICINA ( 13 )","P.TP/M","PAPEL TOALLA P/MANO",123,"UND",268.02246000000002,32966.762580000002]
["2018-05-11","OFICINA ( 13 )","PAPEL J.","PAPEL JUMBO",286,"UND",139.53838999999999,39907.97954]
["2017-01-26","OFICINA ( 13 )","PC4C","PAPEL CONT. 9 1/2 X 11 4C.",45,"CAJA",745.95506,33567.977700000003]
["2019-02-26","OFICINA ( 13 )","PLATOS N9","PLATOS DES. N9",42,"PAQUET",75.52,3171.8399999999997]
["2018-03-23","OFICINA ( 13 )","PLD7X8CD.","PLATOS DESECH. 7X8 C/DIV.",50,"PAQUET",1500.96,75048]
["2017-01-26","OFICINA ( 13 )","PP/B","PASTILLA PERF. P/B",111,"UND",146.99429000000001,16316.366190000001]
["2019-02-26","OFICINA ( 13 )","R91/2X17","RESMA PAPEL BOND 9 1/2X17",2,"RESMA",820.1,1640.2]
["2019-02-26","OFICINA ( 13 )","ROLL","ROLLO PAPEL 2-1/4 SUMADORA",2,"UND",25.322600000000001,50.645200000000003]
["2019-02-26","OFICINA ( 13 )","RTR","ROLON TINTA ROJA",1,"UND",84.75,84.75]
["2018-03-23","OFICINA ( 13 )","SM10X15","SOBRE MANILA  10X15",500,"UNDS",1.8942099999999999,947.10500000000002]
["2018-03-23","OFICINA ( 13 )","SPG.","ZAFACONES",22,"UND",265.5,5841]
["2019-02-26","OFICINA ( 13 )","SUM-ARC","ARCHIVO ACORDEON",27,"UND",297.40069,8029.8186299999998]
["2018-03-23","OFICINA ( 13 )","SUM-AZU","LAPICERO AZUL",841,"UND",9.75,8199.75]
["2019-02-26","OFICINA ( 13 )","SUM-BRI G.","BRILLO GORDO",29,"UND",10.62,307.97999999999996]
["2017-02-01","OFICINA ( 13 )","SUM-CAF","CAFE",552,"LIBRA",402.85214000000002,222374.38128]
["2006-12-31","OFICINA ( 13 )","SUM-CALM","CALCULADORA MANUAL",11,"UND",481.10286000000002,5292.1314600000005]
["2006-12-31","OFICINA ( 13 )","SUM-CARP.GRAN.","CARPETA GRANDE 3 HOYOS",41,"UND",249.67072999999999,10236.49993]
["2017-01-26","OFICINA ( 13 )","SUM-CEPIPLAS","CEPILLO PARA INODORO",10,"UND",134.99199999999999,1349.9199999999998]
["2017-01-26","OFICINA ( 13 )","SUM-CLI","CLIP JUMBO",34,"UND",50.68197,1723.1869799999999]
["2019-02-26","OFICINA ( 13 )","SUM-CLIP #1"," CLIP #1",40,"CAJA",17.7,708]
["2018-03-23","OFICINA ( 13 )","SUM-CLIP MAR.","CLIP MARIPOSA",26,"CAJA",150,3900]
["2019-02-26","OFICINA ( 13 )","SUM-CLO","CLORO",168,"GAL",92.794589999999999,15589.491120000001]
["2018-03-23","OFICINA ( 13 )","SUM-CTE","CINTAS DE EMPAQUE",24,"UND",69.62,1670.88]
["2018-03-23","OFICINA ( 13 )","SUM-ETF","ETIQUETA PARA FOLDERS",8,"UND",80.894270000000006,647.15416000000005]
["2018-03-23","OFICINA ( 13 )","SUM-FAR","FAROLA",1,"UND",132.75,132.75]
["2018-03-23","OFICINA ( 13 )","SUM-FEL","FELPAS AZULES",13,"UND",45,585]
["2018-03-23","OFICINA ( 13 )","SUM-FELN","FELPAS NEGRAS",14,"UND",54.110100000000003,757.54140000000007]
["2018-03-23","OFICINA ( 13 )","SUM-FGD","FOLDER C/ BOLSILLO",293,"UND",31.86,9334.98]
["2017-01-26","OFICINA ( 13 )","SUM-FINANC","FOLDERS FINANCIERO",329,"UND",59.261899999999997,19497.165099999998]
["2017-01-26","OFICINA ( 13 )","SUM-FOL11","FOLDER 8 1/2 X11",2789,"UND",3.15184,8790.4817600000006]
["2017-01-26","OFICINA ( 13 )","SUM-FOL14","FOLDER 8 1/2 14",674,"UND",0.38880999999999999,262.05793999999997]
["2017-01-26","OFICINA ( 13 )","SUM-FUN17","FUNDAS17/22",78,"PAQUET",362.12889000000001,28246.05342]
["2017-01-26","OFICINA ( 13 )","SUM-GMH","GANCHOS M/H",48,"UNIDAD",92.04,4417.92]
["2017-01-26","OFICINA ( 13 )","SUM-GOM","GOMITAS",22,"CAJA",37.531610000000001,825.69542000000001]
["2017-01-26","OFICINA ( 13 )","SUM-HHB.","HOJA DE HILO BLANCA",1,"RESMA",566.4,566.4]
["2017-01-26","OFICINA ( 13 )","SUM-HHC.","HOJA DE HILO CREMA",1,"RESMA",566.4,566.4]
["2017-01-26","OFICINA ( 13 )","SUM-JB. AZ.","JABON AZULITO",91,"UND",2.1633300000000002,196.86303000000001]
["2017-01-26","OFICINA ( 13 )","SUM-LAP.N.","LAPICERO NEGRO ",95,"UND",10.4,988]
["2017-01-26","OFICINA ( 13 )","SUM-LAPIRO","LAPICERO ROJO",28,"UND",10.349119999999999,289.77535999999998]
["2017-01-26","OFICINA ( 13 )","SUM-LBRY","LIBRETAS RAYADAS 81/2X11",71,"UND",29.5,2094.5]
["2017-01-26","OFICINA ( 13 )","SUM-LCAR","LAPIZ",449,"UND",6.7591000000000001,3034.8359]
["2017-01-26","OFICINA ( 13 )","SUM-MAR","MARCADORES",181,"UND",29.409140000000001,5323.0543399999997]
["2017-01-26","OFICINA ( 13 )","SUM-PEND","PENDAFLEX  X 11",4,"UND",1486.4991,5945.9964]
["2017-01-26","OFICINA ( 13 )","SUM-PER","PERFORADORA (2 HOYOS )",7,"UND",277.3,1941.1000000000001]
["2019-02-15","OFICINA ( 13 )","SUM-PLA","PORTA LAPIZ",11,"UND",90.86,999.46]
["2019-02-15","OFICINA ( 13 )","SUM-PNOT","PAPEL NOTARIAL",14,"RESMA",215.69480999999999,3019.7273399999999]
["2017-01-26","OFICINA ( 13 )","SUM-POC","PORTA CLIP",12,"UND",66.031570000000002,792.37884000000008]
["2019-02-15","OFICINA ( 13 )","SUM-RESALT","RESALTADOR",78,"UND",30.68,2393.04]
["2019-02-15","OFICINA ( 13 )","SUM-RG","REGLA",32,"UND",15.34,490.88]
["2019-02-15","OFICINA ( 13 )","SUM-RPX14","RESMA DE PAPEL BONB 81/2X14",18,"RESMA",303.40902999999997,5461.3625399999992]
["2019-02-16","OFICINA ( 13 )","SUM-SAP","SACA PUNTA",25,"UND",11.66802,291.70050000000003]
["2019-02-17","OFICINA ( 13 )","SUM-SER","SERVILLETAS",705,"PAQUET",51.416269999999997,36248.470349999996]
["2019-02-18","OFICINA ( 13 )","SUM-SM","SOBRES MANILA 9X12",430,"UND",1.5665899999999999,673.63369999999998]
["2019-02-19","OFICINA ( 13 )","SUM-SO","SOBRES BLANCOS",507,"UND",1.62625,824.50874999999996]
["2019-02-20","OFICINA ( 13 )","SUM-STIM","SOBRES TIMBRADOS",693,"UND",14.638500000000001,10144.4805]
["2019-02-21","OFICINA ( 13 )","SUM-SUAP","SUAPER",32,"UND",182.50156000000001,5840.0499200000004]
["2019-02-22","OFICINA ( 13 )","SUM-TAL.ORD. DESP.","TALONARIO ORDEN DE DESPACHO.",52,"UND",200.59612000000001,10430.998240000001]
["2019-02-23","OFICINA ( 13 )","SUM-TALEM","TALONARIO ENT. DE MATERIALES",83,"UND",57.3232,4757.8256000000001]
["2019-02-24","OFICINA ( 13 )","SUM-TBLL","TABLILLAS 81/2X11",9,"UND",138.06,1242.54]
["2019-02-25","OFICINA ( 13 )","SUM-TIJ","TIJERAS #8",4,"UNIDAD",81.147689999999997,324.59075999999999]
["2019-02-26","OFICINA ( 13 )","SUM-TLCAGR","TALONARIO CONTROL AGROQUIMICO",63,"UND",412.43626999999998,25983.48501]
["2019-02-27","OFICINA ( 13 )","SUM-VAS","VASOS #10",220,"PAQUET",75.52,16614.399999999998]
["2019-02-28","OFICINA ( 13 )","T206A C","TONER HP-206 A C.",3,"UND",6035.67191,{"$f":"+G318*E318","v":18107.015729999999}]
["2019-03-01","OFICINA ( 13 )","T206A M","TONER HP-206 A M.",3,"UND",6052.8942900000002,18158.682870000001]
["2019-03-02","OFICINA ( 13 )","T206AY","TONER HP-206 A Y.",2,"UND",6052.8942900000002,12105.78858]
["2019-03-03","OFICINA ( 13 )","TA","TINTA AZUL P/S",29,"POTE",45.653309999999998,1323.9459899999999]
["2019-03-04","OFICINA ( 13 )","TALON.PERS.NOM.","TALONARIO PERSONAL NOMINAL",2,"UND",95,190]
["2019-03-05","OFICINA ( 13 )","TALONARIO SOL. C.C.","TALONARIO SOLICITUD CAJA CHICA",53,"UND",32.690759999999997,1732.6102799999999]
["2019-03-06","OFICINA ( 13 )","TB,","TINTA 664 BLACK",18,"UND",242.29333,4361.2799400000004]
["2019-03-07","OFICINA ( 13 )","TB,.","TINTA 664 Y.",38,"UND",247.8,9416.4]
["2019-03-08","OFICINA ( 13 )","TB.","TINTA 664 CYAN",37,"UND",250.31515999999999,9261.6609200000003]
["2019-03-09","OFICINA ( 13 )","TB664","TINTA 664 MAG.",37,"UND",249.36915999999999,9226.6589199999999]
["2019-03-10","OFICINA ( 13 )","TCVP","TALON.CONTROL VISITAS A PROD.",44,"UND",55,2420]
["2019-03-11","OFICINA ( 13 )","TE504C","TINTA  504 CYAN",37,"UND",362.10174999999998,13397.764749999998]
["2019-03-12","OFICINA ( 13 )","TE504M","TINTA  504 M.",36,"UND",354.33067999999997,12755.904479999999]
["2019-03-13","OFICINA ( 13 )","TE504Y","TINTA  504 Y.",21,"UND",412.04512999999997,8652.9477299999999]
["2019-03-14","OFICINA ( 13 )","TE544C","TINTA EPSON 544C",29,"UND",355.51177999999999,10309.841619999999]
["2019-03-15","OFICINA ( 13 )","TE544M","TINTA EPSON 544M",29,"UND",354.21215000000001,10272.15235]
["2019-03-16","OFICINA ( 13 )","TE544Y","TINTA EPSON 544Y",28,"UND",358.96827999999999,10051.11184]
["2019-03-17","OFICINA ( 13 )","TEPLX350","TINTA EPSON LX350",24,"UND",239.54,5748.96]
["2019-03-18","OFICINA ( 13 )","TET504","TINTA  504 BLACK",21,"UND",397.98133999999999,8357.6081400000003]
["2019-03-19","OFICINA ( 13 )","TP/C","TOALLA P/COCINA",95,"UND",214.19387,20348.417649999999]
["2019-03-20","OFICINA ( 13 )","VASOS #7","VASOS #7",246,"PAQUET",43.792029999999997,10772.839379999999]
["2019-03-21","OFICINA ( 13 )","VN5","VASOS N. 5",176,"PAQUET",56.084760000000003,9870.9177600000003]
["2019-03-22","OTROS ( 12 )","LIBRETA","LIBRETA TIMBRADA INSTITUCIONALES",460,"UND",141.6,65136]
["TOTAL",null,null,null,null,null,null,{"$f":"SUM(H189:H340)","v":1745712.9300799991}]
[]
[]
[]
[]
[]
[]
[]
[]
[]
[]
[]
[]
[]
[]
[]
[]
[]
[]
["INSTITUTO DEL TABACO DE LA REPÚBLICA DOMINICANA"]
["INVENTARIO SUMINISTRO"]
["MES DE MARZO 2026"]
[]
["Fecha de adquisición y/o registro","Artículo","Código institucional","Descripción artículo","Existencia","Unidad","Costo","Valor"]
[]
[]
[]
[]
["2018-03-23","GENERAL ( 21 )","MASKT-001","MASKING TAPE ",49,"UND",45.926659999999998,{"$f":"+G369*E369","v":2250.40634}]
["2018-03-23","GENERAL ( 21 )","PAPE-CON-9 1/2X5 1/2","PAPEL CONTINUO 9 1/2 X 5 1/2 P. FACT.",4,"UNIDAD",601.69399999999996,{"$f":"+G370*E370","v":2406.7759999999998}]
["2017-02-01","OFICINA ( 13 )","C3AP","CARPETA DE 3 ARO PEQUEÑOS",24,"UND",153.4,3681.6000000000004]
["2018-03-23","OFICINA ( 13 )","FOLDERS","FOLDERS INSTITUCIONALES C/DISEÑO GRAFICO",334,"UND",111.569,37264.046000000002]
["2018-03-23","OFICINA ( 13 )","PCN","PAPEL CARBON NEGRO",21,"CAJA",454.3,9540.3000000000011]
["2018-03-23","OFICINA ( 13 )","T.L.J","TONER LASER JET 206A BK",4,"UND",7699.9956000000002,30799.982400000001]
["2017-02-01","OFICINA ( 13 )","TE,","TINTA EPSON 544 M ORIGINAL",9,"UND",885,7965]
["2017-02-06","OFICINA ( 13 )","TE,,","TINTA EPSON 544 C ORIGINAL",9,"UND",885,7965]
["2018-03-23","OFICINA ( 13 )","TE.","TINTA EPSON 544 BK ORIGINAL",12,"UND",885,10620]
["2019-02-26","OFICINA ( 13 )","TE.,","TINTA EPSON 504 BK ORIGINAL",11,"UND",974.99860000000001,10724.9846]
["2018-03-23","OFICINA ( 13 )","TEO","TINTA EPSON 504 C ORIGINAL",10,"UND",885,8850]
["2018-03-23","OFICINA ( 13 )","TEP","TINTA EPSON 544 Y ORIGINAL",9,"UND",885,7965]
["2018-03-23","OFICINA ( 13 )","TEP,","TINTA EPSON 504 M ORIGINAL",10,"UND",885,8850]
["2017-01-31","OFICINA ( 13 )","TIN","TINTA EPSON 504 Y ORIGINAL",10,"UND",885,8850]
["2018-02-21","OTROS ( 12 )","AMBIEN 2","AMBIENTADOR 2",107,"UND",121.41735,12991.65645]
["2019-02-26","OTROS ( 12 )","AT.,","ATOMIZADOR",1,"UND",227.74,227.74]
["2019-02-26","OTROS ( 12 )","BP/C","BLANQUEADOR P/ CERAMICA",9,"GAL",253.7,2283.2999999999997]
["2017-02-23","OTROS ( 12 )","BRILLO .V.","BRILLO VERDE",50,"UND",52.879840000000002,2643.9920000000002]
["2017-03-31","OTROS ( 12 )","C.D.C","CINTA DOBLE CARA ",8,"UND",260.66059000000001,2085.2847200000001]
["2019-02-26","OTROS ( 12 )","CD,.","CUBIERTOS DES.",113,"PAQUET",21.484590000000001,2427.7586700000002]
["2017-04-24","OTROS ( 12 )","CREM","CREMORA",83,"UND",344.26882999999998,28574.312889999997]
["2017-02-07","OTROS ( 12 )","GRAPAS 3","GRAPAS 3/4",5,"CAJA",211.864,1059.32]
["2018-03-23","OTROS ( 12 )","LAN","LANILLA P/LIMPIAR",33,"UND",75.771209999999996,2500.4499299999998]
["2018-03-23","OTROS ( 12 )","LI.C.","LIMPIADOR CRISTAL ",14,"POTE",111.29347,1558.1085800000001]
["2017-04-24","OTROS ( 12 )","LT,","LIBRETA TIMBRADA",38,"UND",199.91923,7596.9307399999998]
["2019-02-15","OTROS ( 12 )","PDN6","PLATOS DESECH. N6",73,"PAQUET",55.374859999999998,4042.3647799999999]
["2019-02-15","OTROS ( 12 )","TS.M.","TALON. SOLICITUD MATERIALES",73,"UND",247.8,18089.400000000001]
["2019-02-15","OFICINA ( 13 )","12","RESMA DE PAPEL BOND 8 1/2 X11",565,"RESMA",238.59837999999999,134808.08470000001]
["2019-02-15","OFICINA ( 13 )","3X3","POST-IT3X3 WORKER",57,"UND",30.68,1748.76]
["2019-02-15","OFICINA ( 13 )","AZ.","AZUCAR",9,"SACOS",4219.7435999999998,37977.6924]
["2019-02-15","OFICINA ( 13 )","BLP/B","BLANQUEADOR LIQUIDO P/BAÑO",6,"GAL",247.8,1486.8000000000002]
["2019-02-15","OFICINA ( 13 )","BO","BORRADOR",11,"UND",10.71564,117.87204]
["2006-12-31","OFICINA ( 13 )","BP/E","BANDEJA P/ ESCRITORIO",9,"UND",776.03078000000005,6984.2770200000004]
["2019-02-15","OFICINA ( 13 )","C.2","CLIP BILLETERO 51MM",48,"CAJA",193.42124000000001,9284.2195200000006]
["2019-02-15","OFICINA ( 13 )","C.B 125MM","CLIP BILLETERO 125MM",32,"CAJA",47.522410000000001,1520.71712]
["2017-02-01","OFICINA ( 13 )","C.BILL.","CLIP BILLETERO 32MM",12,"CAJA",48.8992,586.79039999999998]
["2017-02-01","OFICINA ( 13 )","C.E 890","CINTA EPSON 890",20,"UND",468.40870000000001,9368.1740000000009]
["2017-02-07","OFICINA ( 13 )","CB 1.5","CLIP BILLETERO 41MM",38,"CAJA",129.99941999999999,4939.9779599999993]
["2017-02-06","OFICINA ( 13 )","CCE278","CARTUCHO LASER 278",18,"UND",522.91878999999994,9412.5382199999985]
["2017-02-01","OFICINA ( 13 )","CCE285","CARTUCHO LASER 285",6,"UND",474.36,2846.16]
["2017-02-01","OFICINA ( 13 )","CEPILLO P.","CEPILLO PARED",8,"UND",49.56,396.48]
["2019-02-26","OFICINA ( 13 )","CINTA P/ CALCULADORA","CINTA P/ CALCULADORA ELEC.",4,"UND",56.002800000000001,224.0112]
["2017-02-01","OFICINA ( 13 )","CINTA-001","CINTA ADHESIVA 3/4",376,"UNIDAD",37.76,14197.759999999998]
["2018-02-21","OFICINA ( 13 )","CP/C.","CERA PARA CONTAR",9,"UND",53.1,477.90000000000003]
["2018-02-21","OFICINA ( 13 )","CPE","CUBIERTAS P/ENCUADERNAR",16,"PAQUET",451.35342000000003,7221.6547200000005]
["2018-02-21","OFICINA ( 13 )","CPPD","CARPETAS PRINTEADAS P/DOC.",16,"UND",442.5,7080]
["2017-02-07","OFICINA ( 13 )","CUC. DES.","CUCHARAS DES.",98,"PAQUET",18.972439999999999,1859.2991199999999]
["2017-02-01","OFICINA ( 13 )","D","DETERGENTE",13,"UND",1133.04349,14729.56537]
["2018-02-21","OFICINA ( 13 )","DES.","DESINFECTANTE",154,"GAL",221.51282,34112.974280000002]
["2017-01-31","OFICINA ( 13 )","E35MM","ESPIRAL 3/4",11,"PAQUET",867.06132000000002,9537.6745200000005]
["2018-03-20","OFICINA ( 13 )","EG.","EGA",1,"GAL",445.11173000000002,445.11173000000002]
["2019-02-26","OFICINA ( 13 )","ESC.","ESCOBA",27,"UND",141.88103000000001,3830.7878100000003]
["2019-02-26","OFICINA ( 13 )","F.M.E.","FORMULARIO EQUIPOS Y/O MOV.",66,"UND",135.85946000000001,8966.7243600000002]
["2019-02-26","OFICINA ( 13 )","F30G","FUNDAS 30GLS.",100,"PAQUET",383.5,38350]
["2019-02-26","OFICINA ( 13 )","FUND. 55","FUNDAS 55 P/B.",59,"PAQUET",699.01561000000004,41241.920989999999]
["2017-01-26","OFICINA ( 13 )","GG.","GUANTES GOMAS",51,"PAR",47.694369999999999,2432.4128700000001]
["2017-02-01","OFICINA ( 13 )","GR26/6","GRAPAS 26/6",38,"CAJA",52.432070000000003,1992.41866]
["2017-01-31","OFICINA ( 13 )","GRAP.","GRAPADORA",4,"UND",184.08,736.32]
["2017-09-26","OFICINA ( 13 )","HCB","HOJAS CARTULINA BLANCA",2,"RESMA",460.2,920.4]
["2018-03-26","OFICINA ( 13 )","HCC","HOJAS CARTULINA CREMA",2,"RESMA",460.2,920.4]
["2017-02-01","OFICINA ( 13 )","LIQUI-001","CORRECTOR LIQUIDO",66,"UND",33.055320000000002,2181.65112]
["2019-02-26","OFICINA ( 13 )","LLM","JABON LIQ.P/MANOS",211,"UND",205.84950000000001,43434.244500000001]
["2017-05-08","OFICINA ( 13 )","LRP","LIBRETA RAYADA PEQUEÑA",81,"UND",21.24,1720.4399999999998]
["2018-02-21","OFICINA ( 13 )","P.TP/M","PAPEL TOALLA P/MANO",95,"UND",268.02246000000002,25462.133700000002]
["2017-01-23","OFICINA ( 13 )","PAPEL J.","PAPEL JUMBO",171,"UND",139.53838999999999,23861.064689999999]
["2018-05-11","OFICINA ( 13 )","PC4C","PAPEL CONT. 9 1/2 X 11 4C.",45,"CAJA",745.95506,{"$f":"+G434*E434","v":33567.977700000003}]
["2017-02-01","OFICINA ( 13 )","PLATOS N9","PLATOS DES. N9",15,"PAQUET",75.52,1132.8]
["2018-05-11","OFICINA ( 13 )","PLD7X8CD.","PLATOS DESECH. 7X8 C/DIV.",45,"PAQUET",1500.96,67543.199999999997]
["2018-05-11","OFICINA ( 13 )","PP/B","PASTILLA PERF. P/B",108,"UND",146.99429000000001,15875.383320000001]
["2017-01-26","OFICINA ( 13 )","R91/2X17","RESMA PAPEL BOND 9 1/2X17",2,"RESMA",820.1,1640.2]
["2019-02-26","OFICINA ( 13 )","ROLL","ROLLO PAPEL 2-1/4 SUMADORA",2,"UND",25.322600000000001,50.645200000000003]
["2018-03-23","OFICINA ( 13 )","RTR","ROLON TINTA ROJA",1,"UND",84.75,84.75]
["2017-01-26","OFICINA ( 13 )","SM10X15","SOBRE MANILA  10X15",475,"UNDS",1.8942099999999999,899.74974999999995]
["2019-02-26","OFICINA ( 13 )","SPG.","ZAFACONES",20,"UND",265.5,5310]
["2019-02-26","OFICINA ( 13 )","SUM-ARC","ARCHIVO ACORDEON",22,"UND",297.40069,6542.8151799999996]
["2019-02-26","OFICINA ( 13 )","SUM-AZU","LAPICERO AZUL",785,"UND",9.75,7653.75]
["2018-03-23","OFICINA ( 13 )","SUM-BRI G.","BRILLO GORDO",27,"UND",10.62,286.73999999999995]
["2018-03-23","OFICINA ( 13 )","SUM-CAF","CAFE",459,"LIBRA",402.85214000000002,184909.13226000001]
["2019-02-26","OFICINA ( 13 )","SUM-CALM","CALCULADORA MANUAL",10,"UND",481.10286000000002,4811.0286000000006]
["2018-03-23","OFICINA ( 13 )","SUM-CARP.GRAN.","CARPETA GRANDE 3 HOYOS",41,"UND",249.67072999999999,10236.49993]
["2019-02-26","OFICINA ( 13 )","SUM-CEPIPLAS","CEPILLO PARA INODORO",10,"UND",134.99199999999999,1349.9199999999998]
["2017-02-01","OFICINA ( 13 )","SUM-CLI","CLIP JUMBO",34,"UND",50.68197,1723.1869799999999]
["2006-12-31","OFICINA ( 13 )","SUM-CLIP #1"," CLIP #1",35,"CAJA",17.7,619.5]
["2006-12-31","OFICINA ( 13 )","SUM-CLIP MAR.","CLIP MARIPOSA",26,"CAJA",150,3900]
["2017-01-26","OFICINA ( 13 )","SUM-CLO","CLORO",138,"GAL",92.794589999999999,12805.653420000001]
["2017-01-26","OFICINA ( 13 )","SUM-CTE","CINTAS DE EMPAQUE",17,"UND",69.62,1183.54]
["2019-02-26","OFICINA ( 13 )","SUM-ETF","ETIQUETA PARA FOLDERS",7,"UND",80.894270000000006,566.25989000000004]
["2018-03-23","OFICINA ( 13 )","SUM-FAR","FAROLA",1,"UND",132.75,132.75]
["2019-02-26","OFICINA ( 13 )","SUM-FEL","FELPAS AZULES",13,"UND",45,585]
["2018-03-23","OFICINA ( 13 )","SUM-FELN","FELPAS NEGRAS",14,"UND",54.110100000000003,757.54140000000007]
["2018-03-23","OFICINA ( 13 )","SUM-FGD","FOLDER C/ BOLSILLO",288,"UND",31.86,9175.68]
["2018-03-23","OFICINA ( 13 )","SUM-FINANC","FOLDERS FINANCIERO",328,"UND",59.261899999999997,19437.903200000001]
["2018-03-23","OFICINA ( 13 )","SUM-FOL11","FOLDER 8 1/2 X11",2628,"UND",3.15184,8283.0355199999995]
["2018-03-23","OFICINA ( 13 )","SUM-FOL14","FOLDER 8 1/2 14",668,"UND",0.38880999999999999,259.72507999999999]
["2018-03-23","OFICINA ( 13 )","SUM-FUN17","FUNDAS17/22",77,"PAQUET",362.12889000000001,27883.92453]
["2017-01-26","OFICINA ( 13 )","SUM-GMH","GANCHOS M/H",42,"UNIDAD",92.04,3865.6800000000003]
["2017-01-26","OFICINA ( 13 )","SUM-GOM","GOMITAS",20,"CAJA",37.531610000000001,750.63220000000001]
["2017-01-26","OFICINA ( 13 )","SUM-HHC.","HOJA DE HILO CREMA",1,"RESMA",566.4,566.4]
["2017-01-26","OFICINA ( 13 )","SUM-JB. AZ.","JABON AZULITO",83,"UND",2.1633300000000002,179.55639000000002]
["2017-01-26","OFICINA ( 13 )","SUM-LAP.N.","LAPICERO NEGRO ",92,"UND",10.4,956.80000000000007]
["2017-01-26","OFICINA ( 13 )","SUM-LAPIRO","LAPICERO ROJO",28,"UND",10.349119999999999,289.77535999999998]
["2017-01-26","OFICINA ( 13 )","SUM-LBRY","LIBRETAS RAYADAS 81/2X11",69,"UND",29.5,2035.5]
["2017-01-26","OFICINA ( 13 )","SUM-LCAR","LAPIZ",445,"UND",6.7591000000000001,3007.7995000000001]
["2017-01-26","OFICINA ( 13 )","SUM-MAR","MARCADORES",178,"UND",29.409140000000001,5234.8269200000004]
["2017-01-26","OFICINA ( 13 )","SUM-PEND","PENDAFLEX  X 11",4,"UND",1486.4991,5945.9964]
["2017-01-26","OFICINA ( 13 )","SUM-PER","PERFORADORA (2 HOYOS )",7,"UND",277.3,1941.1000000000001]
["2017-01-26","OFICINA ( 13 )","SUM-PLA","PORTA LAPIZ",11,"UND",90.86,999.46]
["2017-01-26","OFICINA ( 13 )","SUM-PNOT","PAPEL NOTARIAL",13,"RESMA",215.69480999999999,2804.03253]
["2017-01-26","OFICINA ( 13 )","SUM-POC","PORTA CLIP",12,"UND",66.031570000000002,792.37884000000008]
["2017-01-26","OFICINA ( 13 )","SUM-RESALT","RESALTADOR",73,"UND",30.68,2239.64]
["2017-01-26","OFICINA ( 13 )","SUM-RG","REGLA",30,"UND",15.34,460.2]
["2019-02-15","OFICINA ( 13 )","SUM-RPX14","RESMA DE PAPEL BONB 81/2X14",16,"RESMA",303.40902999999997,4854.5444799999996]
["2019-02-15","OFICINA ( 13 )","SUM-SAP","SACA PUNTA",25,"UND",11.66802,291.70050000000003]
["2017-01-26","OFICINA ( 13 )","SUM-SER","SERVILLETAS",687,"PAQUET",51.416269999999997,35322.977489999997]
["2019-02-15","OFICINA ( 13 )","SUM-SM","SOBRES MANILA 9X12",398,"UND",1.5665899999999999,623.50281999999993]
["2019-02-15","OFICINA ( 13 )","SUM-SO","SOBRES BLANCOS",436,"UND",1.62625,709.04499999999996]
["2019-02-16","OFICINA ( 13 )","SUM-STIM","SOBRES TIMBRADOS",663,"UND",14.638500000000001,9705.3255000000008]
["2019-02-17","OFICINA ( 13 )","SUM-SUAP","SUAPER",31,"UND",182.50156000000001,5657.5483600000007]
["2019-02-18","OFICINA ( 13 )","SUM-TAL.ORD. DESP.","TALONARIO ORDEN DE DESPACHO.",49,"UND",200.59612000000001,9829.2098800000003]
["2019-02-19","OFICINA ( 13 )","SUM-TALEM","TALONARIO ENT. DE MATERIALES",79,"UND",57.3232,4528.5328]
["2019-02-20","OFICINA ( 13 )","SUM-TBLL","TABLILLAS 81/2X11",7,"UND",138.06,966.42000000000007]
["2019-02-21","OFICINA ( 13 )","SUM-TLCAGR","TALONARIO CONTROL AGROQUIMICO",63,"UND",412.43626999999998,25983.48501]
["2019-02-22","OFICINA ( 13 )","SUM-VAS","VASOS #10",211,"PAQUET",75.52,15934.72]
["2019-02-23","OFICINA ( 13 )","T206A C","TONER HP-206 A C.",3,"UND",6035.67191,18107.015729999999]
["2019-02-24","OFICINA ( 13 )","T206A M","TONER HP-206 A M.",3,"UND",6052.8942900000002,18158.682870000001]
["2019-02-25","OFICINA ( 13 )","T206AY","TONER HP-206 A Y.",2,"UND",6052.8942900000002,12105.78858]
["2019-02-26","OFICINA ( 13 )","TA","TINTA AZUL P/S",28,"POTE",45.653309999999998,1278.29268]
["2019-02-27","OFICINA ( 13 )","TALON.PERS.NOM.","TALONARIO PERSONAL NOMINAL",2,"UND",95,190]
["2019-02-28","OFICINA ( 13 )","TALONARIO SOL. C.C.","TALONARIO SOLICITUD CAJA CHICA",53,"UND",32.690759999999997,1732.6102799999999]
["2019-03-01","OFICINA ( 13 )","TB,","TINTA 664 BLACK",18,"UND",242.29333,{"$f":"+G498*E498","v":4361.2799400000004}]
["2019-03-02","OFICINA ( 13 )","TB,.","TINTA 664 Y.",38,"UND",247.8,9416.4]
["2019-03-03","OFICINA ( 13 )","TB.","TINTA 664 CYAN",37,"UND",250.31515999999999,9261.6609200000003]
["2019-03-04","OFICINA ( 13 )","TB664","TINTA 664 MAG.",37,"UND",249.36915999999999,9226.6589199999999]
["2019-03-05","OFICINA ( 13 )","TCVP","TALON.CONTROL VISITAS A PROD.",44,"UND",55,2420]
["2019-03-06","OFICINA ( 13 )","TE504C","TINTA  504 CYAN",37,"UND",362.10174999999998,13397.764749999998]
["2019-03-07","OFICINA ( 13 )","TE504M","TINTA  504 M.",36,"UND",354.33067999999997,12755.904479999999]
["2019-03-08","OFICINA ( 13 )","TE504Y","TINTA  504 Y.",21,"UND",412.04512999999997,8652.9477299999999]
["2019-03-09","OFICINA ( 13 )","TE544C","TINTA EPSON 544C",29,"UND",355.51177999999999,10309.841619999999]
["2019-03-10","OFICINA ( 13 )","TE544M","TINTA EPSON 544M",29,"UND",354.21215000000001,10272.15235]
["2019-03-11","OFICINA ( 13 )","TE544Y","TINTA EPSON 544Y",28,"UND",358.96827999999999,10051.11184]
["2019-03-12","OFICINA ( 13 )","TEPLX350","TINTA EPSON LX350",24,"UND",239.54,5748.96]
["2019-03-13","OFICINA ( 13 )","TET504","TINTA  504 BLACK",21,"UND",397.98133999999999,8357.6081400000003]
["2019-03-14","OFICINA ( 13 )","TP/C","TOALLA P/COCINA",95,"UND",214.19387,20348.417649999999]
["2019-03-15","OFICINA ( 13 )","VASOS #7","VASOS #7",227,"PAQUET",43.792029999999997,9940.7908099999986]
["2019-03-16","OFICINA ( 13 )","VN5","VASOS N. 5",127,"PAQUET",56.084760000000003,7122.7645200000006]
["2019-03-17","OTROS ( 12 )","LIBRETA","LIBRETA TIMBRADA INSTITUCIONALES",460,"UND",141.6,65136]
["TOTAL",null,null,null,null,null,null,{"$f":"SUM(H369:H514)","v":1595266.8628699991}]